000 00467nam a2200169Ia 4500
999 _c30099
_d30099
003 OSt
005 20210101142740.0
008 190216s9999||||xx |||||||||||||| ||und||
040 _coclc
082 _a370
_bMUH/P
100 _aMuhammed, T K
_98085
245 0 _aPadikkendathengane /
_cT K Muhammed
260 _bPratheeksha Publications,
_c2011.
_aCalicut:
300 _a87p
650 _aPadanam
942 _cBK
_2ddc
_h370
_iMUH/P
_k370
_mMUH/P